000 02017nam a2200313Ia 4500
999 _c53493
_d53493
001 20539
003 GE_BSU
005 20210120223056.0
008 181216s2016||||ge |||||||||||||| ||geo||
020 _a9789941457593
040 _cGE_BSU
041 _ageo
080 _a323.1(479.22) ქ-27
245 _aქართული ეროვნული იდენტობა :
_bკონფლიქტი და ინტეგრაცია /
_cავტორები : დიანა ბოგიშვილი, ირინა ოსეფაშვილი, ელენე გავაშელიშვილი, ნინო გუგუშვილი ; რედაქტორი ავთანდილ ბესელია ; ყდის დიზაინი გიორგი ბაგრატიონი.
250 _aსოციალურ მეცნიერებათა ცენტრი
264 _aთბილისი :
_bნეკერი,
_c2016.
300 _a394 გვ. :
_bდიაგრ. ;
_c20 სმ.
504 _aბიბლიოგრ. : გვ. 360-369
653 _aპოლიტიკა
653 _aქართული ეროვნული იდენტობა
653 _aკონფლიქტი და ინტეგრაცია
700 _aბოგიშვილი, დიანა
_eავტორი
_910061
700 _aოსეფაშვილი, ირინა
_e ავტორი
_910062
700 _aგავაშელიშვილი, ელენე
_eავტორი
_910063
700 _aგუგუშვილი, ნინო
_eავტორი
_910064
700 _a ბესელია, ავთანდილ
_eრედაქტორი
_910065
700 _aბაგრატიონი, გიორგი
_eყდის დიზაინი
_95945
942 _cBK
_2udc